[Event "Hastings Masters 2016/17"]
[Site "Hastings, England"]
[Date "2017.01.01"]
[Round "5.20"]
[White "Garriga Cazorla, Pere"]
[Black "Wilbrandt, Simon Pil"]
[Result "0-1"]
[WhiteElo "2386"]
[BlackElo "2180"]
[PlyCount "0"]
[EventDate "2016.12.28"]

1. d4 {[%clk 1:40:56]} Nf6 {[%clk 1:40:54]} 2. c4 {[%clk 1:41:18]} g6
{[%clk 1:41:21]} 3. f3 {[%clk 1:41:42]} d5 {[%clk 1:40:25]} 4. cxd5
{[%clk 1:42:05]} Nxd5 {[%clk 1:40:51]} 5. e4 {[%clk 1:42:27]} Nb6
{[%clk 1:41:18]} 6. Nc3 {[%clk 1:42:53]} Bg7 {[%clk 1:41:43]} 7. Be3
{[%clk 1:43:19]} O-O {[%clk 1:41:59]} 8. Qd2 {[%clk 1:43:47]} Nc6
{[%clk 1:41:50]} 9. O-O-O {[%clk 1:44:09]} Qd6 {[%clk 1:42:05]} 10. Nb5
{[%clk 1:43:10]} Qd7 {[%clk 1:42:27]} 11. f4 {[%clk 1:43:31]} a6 {[%clk 1:27:25]}
12. Nc3 {[%clk 1:42:40]} Rd8 {[%clk 1:27:32]} 13. Nf3 {[%clk 1:42:03]} Qe8
{[%clk 1:24:02]} 14. Qe1 {[%clk 1:17:25]} Bg4 {[%clk 1:18:43]} 15. d5
{[%clk 1:11:44]} Na7 {[%clk 1:16:25]} 16. Bd4 {[%clk 1:02:46]} Bxd4
{[%clk 1:10:45]} 17. Rxd4 {[%clk 1:02:52]} Bxf3 {[%clk 1:11:10]} 18. gxf3
{[%clk 1:03:18]} e6 {[%clk 1:11:28]} 19. Qd2 {[%clk 1:03:41]} exd5
{[%clk 1:07:22]} 20. exd5 Nb5 {[%clk 0:58:48]} 21. Bxb5 {[%clk 0:53:20]} axb5 22.
f5 {[%clk 0:41:32]} b4 {[%clk 0:35:39]} 23. fxg6 {[%clk 0:32:44]} fxg6
{[%clk 0:27:58]} 24. Ne4 {[%clk 0:25:30]} Qf8 {[%clk 0:26:40]} 25. Kb1
{[%clk 0:18:36]} Qxf3 {[%clk 0:21:15]} 26. Re1 {[%clk 0:18:49]} Qf5
{[%clk 0:17:01]} 27. d6 {[%clk 0:12:54]} c5 {[%clk 0:12:13]} 28. Rd3
{[%clk 0:12:47]} Re8 {[%clk 0:10:45]} 29. d7 {[%clk 0:11:29]} Nxd7
{[%clk 0:10:04]} 30. Rxd7 {[%clk 0:09:31]} Rxe4 {[%clk 0:10:23]} 31. Rxe4
{[%clk 0:09:36]} Qxe4+ {[%clk 0:10:42]} 32. Kc1 {[%clk 0:09:38]} Qc4+
{[%clk 0:09:20]} 33. Kd1 {[%clk 0:09:34]} Rf8 {[%clk 0:07:51]} 34. Rd8
{[%clk 0:08:21]} Qg4+ {[%clk 0:04:01]} 35. Kc1 {[%clk 0:08:48]} Qc4+
{[%clk 0:02:42]} 36. Kd1 {[%clk 0:09:13]} b5 {[%clk 0:02:56]} 37. b3
{[%clk 0:07:56]} Qf1+ {[%clk 0:02:31]} 38. Kc2 {[%clk 0:08:21]} Qf5+
{[%clk 0:02:42]} 39. Kc1 {[%clk 0:08:44]} Qf6 {[%clk 0:02:52]} 40. Qd5+
{[%clk 0:07:29]} Kg7 {[%clk 0:01:37]} 41. Rxf8 {[%clk 0:07:40]} Qxf8
{[%clk 0:01:45]} 42. Qe5+ {[%clk 0:07:37]} Qf6 {[%clk 0:50:21]} 43. Qxc5
{[%clk 0:57:52]} Qa1+ {[%clk 0:50:20]} 44. Kd2 {[%clk 0:58:06]} Qxa2+
{[%clk 0:50:37]} 45. Ke1 {[%clk 0:58:24]} Qb1+ {[%clk 0:50:15]} 46. Ke2
{[%clk 0:58:31]} Qe4+ {[%clk 0:43:17]} 47. Kd2 {[%clk 0:58:03]} Qg2+
{[%clk 0:43:22]} 48. Kd3 {[%clk 0:57:51]} Qh3+ {[%clk 0:43:25]} 49. Ke4
{[%clk 0:57:49]} Qg4+ {[%clk 0:29:22]} 50. Kd5 {[%clk 0:57:31]} Qf5+
{[%clk 0:24:01]} 51. Kc6 {[%clk 0:57:54]} Qxc5+ {[%clk 0:23:02]} 52. Kxc5
{[%clk 0:58:16]} g5 {[%clk 0:23:13]} 53. Kxb5 {[%clk 0:57:49]} g4
{[%clk 0:23:12]} 54. Kxb4 {[%clk 0:57:52]} h5 {[%clk 0:23:28]} 55. Kc3
{[%clk 0:58:15]} h4 {[%clk 0:23:54]} 56. Kd2 {[%clk 0:58:39]} g3 {[%clk 0:24:16]}
57. hxg3 {[%clk 0:59:04]} h3 {[%clk 0:24:42]} 0-1

[Event "Hastings Masters 2016/17"]
[Site "Hastings, England"]
[Date "2017.01.01"]
[Round "5.21"]
[White "Radovanovic, Jovica"]
[Black "Healey, Michael W"]
[Result "1-0"]
[WhiteElo "2351"]
[BlackElo "2173"]
[PlyCount "0"]
[EventDate "2016.12.28"]

1. d4 {[%clk 1:37:25]} Nf6 {[%clk 1:32:34]} 2. Nf3 {[%clk 1:37:39]} e6
{[%clk 1:32:45]} 3. c4 {[%clk 1:37:59]} d5 {[%clk 1:33:08]} 4. g3
{[%clk 1:37:52]} Be7 {[%clk 1:31:59]} 5. Bg2 {[%clk 1:38:06]} O-O
{[%clk 1:32:19]} 6. Qc2 {[%clk 1:37:23]} c5 {[%clk 1:31:05]} 7. dxc5
{[%clk 1:36:56]} Qa5+ {[%clk 1:31:15]} 8. Nbd2 {[%clk 1:35:16]} Qxc5
{[%clk 1:27:15]} 9. O-O {[%clk 1:34:08]} b5 {[%clk 1:14:08]} 10. b3
{[%clk 1:21:59]} Bb7 {[%clk 1:02:45]} 11. Bb2 {[%clk 1:14:15]} Rc8
{[%clk 1:00:52]} 12. Ne5 {[%clk 0:44:42]} Nbd7 {[%clk 0:55:19]} 13. Nxd7
{[%clk 0:29:16]} Nxd7 {[%clk 0:53:55]} 14. a4 {[%clk 0:22:53]} b4
{[%clk 0:51:22]} 15. Rac1 {[%clk 0:19:13]} Qd6 {[%clk 0:38:32]} 16. Rfd1
{[%clk 0:18:54]} Qa6 {[%clk 0:38:55]} 17. Qd3 {[%clk 0:13:23]} Bf6
{[%clk 0:39:05]} 18. Bxf6 {[%clk 0:11:41]} Nxf6 {[%clk 0:39:24]} 19. e4
{[%clk 0:10:52]} Rd8 {[%clk 0:38:37]} 20. exd5 {[%clk 0:09:49]} exd5
{[%clk 0:24:33]} 21. Ne4 {[%clk 0:09:54]} Nxe4 {[%clk 0:20:32]} 22. Bxe4
{[%clk 0:10:13]} Re8 {[%clk 0:20:58]} 23. Bxd5 {[%clk 0:08:12]} Bxd5
{[%clk 0:20:39]} 24. Qxd5 {[%clk 0:07:43]} Qf6 {[%clk 0:20:58]} 25. Kg2
{[%clk 0:06:19]} Rad8 {[%clk 0:18:28]} 26. Qf3 {[%clk 0:06:27]} Qe5
{[%clk 0:17:17]} 27. Rxd8 {[%clk 0:06:10]} Rxd8 {[%clk 0:17:44]} 28. Rd1
{[%clk 0:06:27]} Rf8 {[%clk 0:17:52]} 29. Rd7 {[%clk 0:05:57]} a6
{[%clk 0:17:42]} 30. Qd5 {[%clk 0:05:18]} Qb8 {[%clk 0:16:10]} 31. c5
{[%clk 0:05:25]} Qc8 {[%clk 0:16:28]} 32. c6 {[%clk 0:05:29]} h5 {[%clk 0:16:55]}
33. h4 {[%clk 0:04:09]} g6 {[%clk 0:16:53]} 34. c7 {[%clk 0:03:38]} Kg7
{[%clk 0:16:43]} 35. Kh2 {[%clk 0:03:43]} a5 {[%clk 0:16:30]} 36. Qd6
{[%clk 0:02:20]} Re8 {[%clk 0:16:27]} 37. Qd4+ {[%clk 0:01:34]} 1-0

[Event "Hastings Masters 2016/17"]
[Site "Hastings, England"]
[Date "2017.01.01"]
[Round "5.22"]
[White "Dyrgaard, Kristoffer"]
[Black "Kalavannan, Koby"]
[Result "1-0"]
[WhiteElo "2311"]
[BlackElo "2163"]
[PlyCount "0"]
[EventDate "2016.12.28"]

1. e4 {[%clk 1:40:57]} c5 {[%clk 1:40:53]} 2. Nf3 {[%clk 1:41:19]} Nc6
{[%clk 1:41:18]} 3. d4 {[%clk 1:41:32]} cxd4 {[%clk 1:41:43]} 4. Nxd4
{[%clk 1:41:59]} g6 {[%clk 1:42:04]} 5. Nc3 {[%clk 1:39:29]} Bg7 {[%clk 1:42:25]}
6. Nde2 {[%clk 1:39:50]} Nf6 {[%clk 1:31:02]} 7. g3 {[%clk 1:39:08]} d6
{[%clk 1:29:35]} 8. Bg2 {[%clk 1:39:31]} O-O {[%clk 1:29:19]} 9. O-O
{[%clk 1:39:56]} Rb8 {[%clk 1:15:37]} 10. a4 {[%clk 1:39:18]} b6 {[%clk 1:15:15]}
11. Nd5 {[%clk 1:37:48]} Bb7 {[%clk 1:12:37]} 12. c3 {[%clk 1:34:44]} Qd7
{[%clk 1:09:09]} 13. Re1 {[%clk 1:32:21]} e6 {[%clk 1:05:10]} 14. Nxf6+
{[%clk 1:27:21]} Bxf6 {[%clk 1:05:38]} 15. Bf4 {[%clk 1:27:40]} Rfd8
{[%clk 1:01:48]} 16. Qc2 {[%clk 1:22:19]} Rbc8 {[%clk 0:58:20]} 17. Rad1
{[%clk 1:21:34]} Qe7 {[%clk 0:46:23]} 18. b3 {[%clk 1:10:35]} Ba6
{[%clk 0:37:03]} 19. c4 {[%clk 1:06:48]} Bb7 {[%clk 0:28:45]} 20. Be3
{[%clk 1:02:31]} Nb4 {[%clk 0:24:09]} 21. Qb1 {[%clk 1:00:31]} Rd7
{[%clk 0:17:47]} 22. Bd2 {[%clk 0:54:39]} Nc6 {[%clk 0:15:02]} 23. Bc3
{[%clk 0:54:07]} Rcd8 {[%clk 0:12:16]} 24. Rd2 {[%clk 0:46:25]} Bxc3
{[%clk 0:10:39]} 25. Nxc3 {[%clk 0:46:53]} Qf6 {[%clk 0:10:45]} 26. Re3
{[%clk 0:44:39]} g5 {[%clk 0:07:46]} 27. Qd1 {[%clk 0:43:42]} Ne5
{[%clk 0:07:07]} 28. h3 {[%clk 0:37:39]} Qh6 {[%clk 0:05:28]} 29. Nb5
{[%clk 0:31:20]} a6 {[%clk 0:05:27]} 30. Nd4 {[%clk 0:31:44]} Nc6
{[%clk 0:04:49]} 31. Nf3 {[%clk 0:28:39]} Qf6 {[%clk 0:03:51]} 32. e5
{[%clk 0:26:41]} Qe7 {[%clk 0:04:17]} 33. Red3 {[%clk 0:26:52]} d5
{[%clk 0:04:14]} 34. cxd5 {[%clk 0:27:04]} exd5 {[%clk 0:03:58]} 35. Rxd5
{[%clk 0:27:15]} Nb8 {[%clk 0:01:50]} 36. Rxd7 {[%clk 0:19:29]} Rxd7
{[%clk 0:02:17]} 37. Rxd7 {[%clk 0:19:46]} Nxd7 {[%clk 0:01:50]} 38. Nxg5
{[%clk 0:19:10]} Bxg2 {[%clk 0:00:54]} 39. Kxg2 {[%clk 0:19:22]} Nxe5
{[%clk 0:00:52]} 40. Ne4 {[%clk 0:15:17]} Ng6 {[%clk 0:00:31]} 41. Qd5
{[%clk 0:12:51]} Qe5 {[%clk 0:45:50]} 42. Qxe5 {[%clk 0:54:52]} Nxe5
{[%clk 0:46:19]} 43. Nf6+ {[%clk 0:55:09]} Kg7 {[%clk 0:39:10]} 44. Nd5
{[%clk 0:51:53]} Nd7 {[%clk 0:35:01]} 45. Kf3 {[%clk 0:50:55]} Kg6
{[%clk 0:30:49]} 46. g4 {[%clk 0:46:42]} Nc5 {[%clk 0:29:20]} 47. Nxb6
{[%clk 0:43:20]} Nxb3 48. Kf4 {[%clk 0:41:39]} h5 {[%clk 0:24:58]} 49. g5
{[%clk 0:40:33]} Nd4 50. Ke4 {[%clk 0:34:23]} Nf5 {[%clk 0:19:54]} 51. f4
{[%clk 0:31:41]} Ng3+ {[%clk 0:14:15]} 52. Ke5 {[%clk 0:31:41]} Ne2
{[%clk 0:14:15]} 53. h4 {[%clk 0:30:37]} Ng3 {[%clk 0:14:30]} 54. Nd7
{[%clk 0:30:55]} a5 {[%clk 0:11:49]} 55. Nf6 {[%clk 0:19:47]} Nf5
{[%clk 0:11:00]} 56. Nxh5 {[%clk 0:20:04]} Ne3 57. Ng3 {[%clk 0:16:22]} Nc4+
{[%clk 0:06:17]} 58. Ke4 {[%clk 0:08:56]} Nb6 {[%clk 0:05:15]} 59. h5+
{[%clk 0:09:20]} Kh7 {[%clk 0:05:38]} 60. Ke5 {[%clk 0:06:47]} Nxa4
{[%clk 0:05:39]} 61. Kf6 {[%clk 0:07:09]} Kg8 {[%clk 0:05:14]} 62. h6
{[%clk 0:07:19]} Nc5 {[%clk 0:04:11]} 63. h7+ {[%clk 0:07:41]} Kxh7
{[%clk 0:04:36]} 64. Kxf7 {[%clk 0:08:07]} Ne6 {[%clk 0:04:30]} 65. Kxe6
{[%clk 0:08:20]} a4 {[%clk 0:04:55]} 66. Ne4 {[%clk 0:08:41]} a3 {[%clk 0:05:20]}
67. Nc3 {[%clk 0:09:06]} 1-0

[Event "Hastings Masters 2016/17"]
[Site "Hastings, England"]
[Date "2017.01.01"]
[Round "5.23"]
[White "Maisuradze, Nino"]
[Black "Kalaiyalahan, Akshaya"]
[Result "1-0"]
[WhiteElo "2231"]
[BlackElo "2160"]
[PlyCount "0"]
[EventDate "2016.12.28"]

1. d4 Nf6 2. Bg5 d5 3. e3 c5 4. c3 Ne4 5. Bf4 Nc6 6. Bd3 Nf6 7. h3 e6 8. Nd2 Be7
9. Ngf3 b6 10. O-O O-O 11. Ne5 Bb7 12. Qc2 Rc8 13. Rfe1 h6 14. Bg3 Bd6 15. Qd1
Qc7 16. f4 Nd7 17. Qh5 Nf6 18. Qf3 Nd7 19. Kh1 Ne7 20. Rf1 f6 21. Nxd7 Qxd7 22.
Qg4 f5 23. Qe2 c4 24. Bc2 b5 25. Bh4 Ng6 26. Be1 Ne7 27. Nf3 b4 28. cxb4 Ba6 29.
Bc3 Rb8 30. a3 Qe8 31. Ne5 Bxe5 32. fxe5 g5 33. a4 Rf7 34. Qh5 Qf8 35. b5 Bc8 36.
Bb4 a6 37. Bd6 Rb6 38. Bc5 Rb8 39. b6 Qg7 40. a5 Bd7 41. Bd6 Rb7 42. Bxe7 Rxe7
43. Ba4 Bxa4 44. Rxa4 Rf7 45. Qe2 g4 46. Raa1 Qg5 47. Qf2 Qh5 48. h4 g3 49. Qxg3+
Rg7 50. Qf2 Rg4 51. g3 Rbg7 52. Rg1 Re4 53. Rac1 Kh7 54. Rg2 Reg4 55. Kg1 Qe8 56.
Kh2 Qd8 57. b3 cxb3 58. Rb1 Rxg3 59. Qxg3 Rxg3 60. Kxg3 f4+ 61. exf4 Qe8 62. Rxb3
Qg6+ 63. Kh2 Qe4 64. Rf2 Qxd4 65. Rbb2 Qd1 66. b7 Qg4 67. Rb3 Qxh4+ 68. Kg2 Qg4+
69. Rg3 Qf5 70. b8=Q Qe4+ 71. Kh2 1-0

[Event "Hastings Masters 2016/17"]
[Site "Hastings, England"]
[Date "2017.01.01"]
[Round "5.24"]
[White "Britton, Richard L"]
[Black "Snape, Ian L"]
[Result "1-0"]
[WhiteElo "2139"]
[BlackElo "2222"]
[PlyCount "0"]
[EventDate "2016.12.28"]

1. e4 {[%clk 1:35:02]} d6 {[%clk 1:40:55]} 2. d4 {[%clk 1:35:05]} Nf6
{[%clk 1:41:18]} 3. Nc3 {[%clk 1:35:31]} Nbd7 {[%clk 1:41:41]} 4. Nf3
{[%clk 1:31:44]} e5 {[%clk 1:41:53]} 5. Bc4 {[%clk 1:32:03]} Be7 {[%clk 1:42:16]}
6. a4 {[%clk 1:32:10]} O-O {[%clk 1:41:17]} 7. O-O {[%clk 1:31:28]} a5
{[%clk 1:41:28]} 8. h3 {[%clk 1:27:10]} c6 {[%clk 1:40:04]} 9. Ba2
{[%clk 1:25:43]} exd4 {[%clk 1:39:55]} 10. Nxd4 {[%clk 1:23:05]} Nc5 11. Re1
{[%clk 1:20:54]} Be6 {[%clk 1:39:02]} 12. Qf3 {[%clk 1:14:04]} Bxa2
{[%clk 1:38:15]} 13. Rxa2 {[%clk 1:14:22]} g6 {[%clk 1:38:34]} 14. Bh6
{[%clk 1:02:35]} Re8 {[%clk 1:38:44]} 15. Raa1 {[%clk 1:02:51]} Bf8
{[%clk 1:37:13]} 16. Bxf8 {[%clk 0:59:23]} Kxf8 {[%clk 1:35:27]} 17. Rad1 Qe7
{[%clk 1:05:09]} 18. Qf4 {[%clk 0:52:47]} Rad8 {[%clk 0:56:07]} 19. Re3 Qe5
{[%clk 0:47:10]} 20. Qh6+ {[%clk 0:45:22]} Kg8 {[%clk 0:47:35]} 21. Nf3
{[%clk 0:37:49]} Qe7 {[%clk 0:44:09]} 22. Rde1 Qf8 23. Qh4 {[%clk 0:21:40]} Nfd7
{[%clk 0:30:08]} 24. Nh2 {[%clk 0:17:21]} Qe7 {[%clk 0:23:13]} 25. Qg3
{[%clk 0:16:53]} Ne5 {[%clk 0:21:31]} 26. b3 Ned7 {[%clk 0:19:26]} 27. f4
{[%clk 0:16:10]} Qf8 {[%clk 0:19:29]} 28. Qf2 {[%clk 0:13:04]} Qg7
{[%clk 0:17:16]} 29. g4 {[%clk 0:13:14]} f6 {[%clk 0:16:51]} 30. Kg2
{[%clk 0:11:31]} Kh8 {[%clk 0:15:42]} 31. Nf1 {[%clk 0:11:27]} Re6
{[%clk 0:11:43]} 32. Ng3 {[%clk 0:11:43]} Rde8 {[%clk 0:11:26]} 33. Qd2
{[%clk 0:09:20]} Qe7 34. Kf2 {[%clk 0:07:40]} Nb6 {[%clk 0:08:33]} 35. h4 d5
{[%clk 0:07:51]} 36. exd5 {[%clk 0:07:06]} cxd5 {[%clk 0:07:04]} 37. f5
{[%clk 0:04:14]} Re5 {[%clk 0:06:56]} 38. Rxe5 {[%clk 0:03:52]} fxe5
{[%clk 0:04:01]} 39. fxg6 {[%clk 0:03:59]} Qf6+ {[%clk 0:04:19]} 40. Kg2
{[%clk 0:46:13]} Qxg6 {[%clk 0:49:43]} 41. Nxd5 {[%clk 0:40:22]} Ne6
{[%clk 0:47:29]} 42. Rxe5 {[%clk 0:38:46]} Nxd5 {[%clk 0:47:19]} 43. Rxd5
{[%clk 0:38:46]} Qxg4 44. Rf5 Qxh4 {[%clk 0:36:55]} 45. Qc3+ {[%clk 0:25:47]} Qd4
{[%clk 0:33:09]} 46. Qxd4+ {[%clk 0:26:00]} Nxd4 {[%clk 0:33:35]} 47. Rxa5
{[%clk 0:26:24]} Nxc2 {[%clk 0:32:51]} 48. Rb5 {[%clk 0:25:13]} Ne3+
{[%clk 0:32:55]} 49. Kf3 {[%clk 0:25:31]} Re7 {[%clk 0:33:10]} 50. Ne4
{[%clk 0:24:59]} Nc2 {[%clk 0:32:25]} 51. Rb6 {[%clk 0:19:31]} Nd4+
{[%clk 0:25:25]} 52. Ke3 {[%clk 0:17:58]} Nc6 53. Kf4 {[%clk 0:17:26]} Kg7
{[%clk 0:20:53]} 54. Nd6 {[%clk 0:16:19]} Rd7 {[%clk 0:14:49]} 55. Nxb7 Ne7 56.
Ke5 {[%clk 0:12:51]} Nc8 {[%clk 0:14:39]} 57. Rb4 {[%clk 0:12:46]} h5
{[%clk 0:09:41]} 58. Nc5 {[%clk 0:11:10]} Re7+ {[%clk 0:08:05]} 59. Ne6+
{[%clk 0:09:15]} Kg6 {[%clk 0:07:05]} 60. Rf4 {[%clk 0:08:35]} Rf7
{[%clk 0:03:53]} 61. b4 Na7 {[%clk 0:03:36]} 62. b5 {[%clk 0:08:49]} Rb7 63. Rf6+
{[%clk 0:08:16]} Kh7 {[%clk 0:04:01]} 64. Nd4 h4 {[%clk 0:03:46]} 65. Rf4
{[%clk 0:07:51]} Kg6 {[%clk 0:02:46]} 66. Rxh4 {[%clk 0:08:12]} Re7+
{[%clk 0:03:08]} 67. Kd5 {[%clk 0:08:27]} Kg5 {[%clk 0:02:33]} 68. Rh8
{[%clk 0:08:25]} Rd7+ {[%clk 0:01:23]} 69. Kc5 {[%clk 0:08:42]} Rc7+ 70. Kb6
{[%clk 0:07:57]} Rc4 {[%clk 0:00:56]} 71. Ne6+ {[%clk 0:07:37]} Kf5
{[%clk 0:01:07]} 72. Nc5 {[%clk 0:07:58]} 1-0

[Event "Hastings Masters 2016/17"]
[Site "Hastings, England"]
[Date "2017.01.01"]
[Round "5.25"]
[White "Spice, Alan P"]
[Black "Spanton, Tim R"]
[Result "0-1"]
[WhiteElo "2081"]
[BlackElo "1976"]
[PlyCount "0"]
[EventDate "2016.12.28"]

1. Nc3 {[%clk 1:40:57]} Nf6 {[%clk 1:39:26]} 2. e4 {[%clk 1:41:20]} e5
{[%clk 1:39:07]} 3. Bc4 {[%clk 1:41:43]} Nxe4 {[%clk 1:38:53]} 4. Qh5
{[%clk 1:41:59]} Nd6 {[%clk 1:39:05]} 5. Bb3 {[%clk 1:42:20]} Be7
{[%clk 1:39:16]} 6. Nf3 {[%clk 1:40:01]} Nc6 {[%clk 1:39:40]} 7. Nxe5
{[%clk 1:37:43]} g6 {[%clk 1:40:03]} 8. Nxc6 {[%clk 1:34:18]} dxc6
{[%clk 1:40:16]} 9. Qf3 {[%clk 1:33:42]} O-O {[%clk 1:40:35]} 10. d3
{[%clk 1:33:08]} Nf5 {[%clk 1:40:33]} 11. O-O {[%clk 1:26:04]} Nd4
{[%clk 1:40:56]} 12. Qg3 {[%clk 1:25:26]} a5 {[%clk 1:39:51]} 13. Bh6
{[%clk 1:19:50]} Nf5 {[%clk 1:28:06]} 0-1

[Event "Hastings Masters 2016/17"]
[Site "Hastings, England"]
[Date "2017.01.01"]
[Round "5.26"]
[White "Hand, Freddie"]
[Black "Press, Harry"]
[Result "1-0"]
[WhiteElo "2205"]
[BlackElo "1826"]
[PlyCount "0"]
[EventDate "2016.12.28"]

1. d4 {[%clk 1:39:27]} Nf6 {[%clk 1:40:48]} 2. c4 {[%clk 1:39:53]} e6
{[%clk 1:41:11]} 3. Nc3 {[%clk 1:40:18]} Bb4 {[%clk 1:41:25]} 4. e3
{[%clk 1:40:44]} O-O {[%clk 1:41:46]} 5. Nge2 {[%clk 1:41:11]} d5
{[%clk 1:41:36]} 6. a3 {[%clk 1:41:33]} Be7 {[%clk 1:41:54]} 7. cxd5
{[%clk 1:41:57]} exd5 {[%clk 1:42:19]} 8. Nf4 {[%clk 1:42:22]} c6
{[%clk 1:42:09]} 9. Bd3 {[%clk 1:42:48]} Re8 {[%clk 1:41:29]} 10. O-O
{[%clk 1:43:13]} Nbd7 {[%clk 1:41:55]} 11. f3 {[%clk 1:41:48]} Nf8
{[%clk 1:42:15]} 12. Bc2 {[%clk 1:42:11]} Ne6 {[%clk 1:42:32]} 13. e4
{[%clk 1:42:32]} dxe4 {[%clk 1:42:29]} 14. Nxe6 {[%clk 1:42:57]} Bxe6
{[%clk 1:42:53]} 15. fxe4 {[%clk 1:43:25]} Bg4 {[%clk 1:43:07]} 16. Qd3
{[%clk 1:43:11]} Bh5 {[%clk 1:43:21]} 17. Bf4 {[%clk 1:24:03]} Bg6
{[%clk 1:36:47]} 18. Rad1 {[%clk 1:19:38]} Nd5 {[%clk 1:18:37]} 19. Bb3
{[%clk 0:49:36]} Nxc3 {[%clk 0:57:48]} 20. Qxc3 {[%clk 0:49:09]} Qc8
{[%clk 0:36:25]} 21. Be5 {[%clk 0:43:25]} Qg4 {[%clk 0:30:00]} 22. Rd3
{[%clk 0:40:41]} Bf6 {[%clk 0:15:14]} 23. Rf4 {[%clk 0:20:34]} Qg5
{[%clk 0:14:41]} 24. Rg3 {[%clk 0:15:52]} Bxe5 {[%clk 0:13:04]} 25. Rxg5
{[%clk 0:15:42]} Bxf4 {[%clk 0:13:11]} 26. Rxg6 {[%clk 0:11:48]} Rxe4
{[%clk 0:05:10]} 27. Qf3 {[%clk 0:08:11]} Rae8 {[%clk 0:05:26]} 28. Rg4
{[%clk 0:07:45]} 1-0

[Event "Hastings Masters 2016/17"]
[Site "Hastings, England"]
[Date "2017.01.01"]
[Round "5.27"]
[White "Norton, Craig"]
[Black "Ramsdal, Jens Albert"]
[Result "1-0"]
[WhiteElo "2033"]
[BlackElo "2190"]
[PlyCount "0"]
[EventDate "2016.12.28"]

1. d4 {[%clk 1:40:53]} Nf6 {[%clk 1:40:08]} 2. Nf3 {[%clk 1:41:17]} g6
{[%clk 1:40:32]} 3. Nc3 {[%clk 1:41:42]} d5 {[%clk 1:40:59]} 4. Bf4
{[%clk 1:42:03]} Bg7 {[%clk 1:41:24]} 5. e3 {[%clk 1:42:28]} O-O {[%clk 1:41:48]}
6. Be2 {[%clk 1:42:54]} c5 {[%clk 1:42:13]} 7. Ne5 {[%clk 1:43:20]} Nc6
{[%clk 1:42:29]} 8. O-O {[%clk 1:43:44]} cxd4 {[%clk 1:42:18]} 9. exd4
{[%clk 1:44:03]} Bf5 {[%clk 1:42:37]} 10. Re1 {[%clk 1:41:40]} Ne8
{[%clk 1:04:10]} 11. Nxc6 {[%clk 1:41:45]} bxc6 {[%clk 1:04:34]} 12. Na4
{[%clk 1:38:14]} f6 {[%clk 0:50:49]} 13. Bf3 {[%clk 1:35:48]} Nd6
{[%clk 0:47:58]} 14. Nc5 {[%clk 1:34:34]} e5 {[%clk 0:45:31]} 15. dxe5
{[%clk 1:33:55]} fxe5 {[%clk 0:45:54]} 16. Bxe5 {[%clk 1:33:53]} Bxe5
{[%clk 0:45:34]} 17. Rxe5 {[%clk 1:34:19]} Qf6 {[%clk 0:43:13]} 18. Re1
{[%clk 1:24:12]} Qxb2 {[%clk 0:41:53]} 19. c4 {[%clk 1:23:42]} Qb4
{[%clk 0:34:40]} 20. Ne6 {[%clk 1:18:39]} Qxc4 {[%clk 0:27:01]} 21. Nxf8
{[%clk 1:15:49]} Rxf8 {[%clk 0:27:29]} 22. Rc1 {[%clk 1:16:00]} Qa6
{[%clk 0:27:31]} 23. Rxc6 1-0

[Event "Hastings Masters 2016/17"]
[Site "Hastings, England"]
[Date "2017.01.01"]
[Round "5.28"]
[White "Miller, Dominic"]
[Black "Lyell, Mark"]
[Result "0-1"]
[WhiteElo "1954"]
[BlackElo "2203"]
[PlyCount "0"]
[EventDate "2016.12.28"]

1. e4 {[%clk 1:40:56]} e6 {[%clk 1:40:18]} 2. d4 {[%clk 1:41:15]} d5
{[%clk 1:40:38]} 3. Nc3 {[%clk 1:41:42]} Nf6 {[%clk 1:41:02]} 4. e5
{[%clk 1:42:07]} Nfd7 {[%clk 1:41:26]} 5. f4 {[%clk 1:42:33]} c5 {[%clk 1:41:49]}
6. Nf3 {[%clk 1:43:01]} Nc6 {[%clk 1:42:13]} 7. Be3 {[%clk 1:42:52]} cxd4
{[%clk 1:42:28]} 8. Nxd4 {[%clk 1:43:13]} Bc5 {[%clk 1:42:49]} 9. Qd2
{[%clk 1:43:13]} O-O {[%clk 1:43:03]} 10. O-O-O {[%clk 1:41:46]} a6
{[%clk 1:43:22]} 11. h4 {[%clk 1:38:56]} Nxd4 {[%clk 1:43:22]} 12. Bxd4
{[%clk 1:39:20]} b5 {[%clk 1:43:41]} 13. Qf2 {[%clk 1:35:57]} Qc7
{[%clk 1:43:07]} 14. Bd3 {[%clk 1:34:42]} b4 {[%clk 1:37:27]} 15. Ne2
{[%clk 1:34:52]} a5 {[%clk 1:34:49]} 16. Kb1 {[%clk 1:16:12]} Ba6
{[%clk 1:34:10]} 17. Rh3 {[%clk 1:09:08]} a4 {[%clk 1:31:09]} 18. Bxa6
{[%clk 1:07:11]} Rxa6 {[%clk 1:31:35]} 19. c3 {[%clk 1:03:44]} b3
{[%clk 1:22:00]} 20. a3 {[%clk 1:02:01]} f6 {[%clk 1:20:11]} 21. exf6
{[%clk 0:59:48]} Rxf6 {[%clk 1:10:29]} 22. Bxc5 {[%clk 0:57:18]} Nxc5
{[%clk 1:10:13]} 23. Qd4 {[%clk 0:56:39]} Ne4 {[%clk 1:08:11]} 24. c4
{[%clk 0:48:01]} Qxc4 {[%clk 1:00:43]} 25. Qxc4 {[%clk 0:48:16]} dxc4
{[%clk 1:01:09]} 26. Re3 {[%clk 0:48:16]} Rd6 {[%clk 0:55:02]} 27. Rxd6
{[%clk 0:48:22]} Nxd6 {[%clk 0:55:29]} 28. g3 {[%clk 0:48:31]} Nf5
{[%clk 0:49:47]} 29. Rf3 {[%clk 0:47:26]} Rf7 {[%clk 0:45:37]} 30. Rc3
{[%clk 0:47:26]} Rc7 {[%clk 0:40:47]} 31. Kc1 {[%clk 0:46:53]} Kf7
{[%clk 0:39:40]} 32. Kd2 {[%clk 0:47:08]} Nd6 {[%clk 0:30:12]} 33. Rc1
{[%clk 0:45:12]} Nb5 {[%clk 0:29:52]} 34. Nc3 {[%clk 0:43:59]} Rd7+
{[%clk 0:25:23]} 35. Ke2 {[%clk 0:44:19]} Nd4+ {[%clk 0:20:22]} 36. Kf2
{[%clk 0:44:39]} Nc2 {[%clk 0:09:06]} 37. Rd1 {[%clk 0:38:19]} Ke7
{[%clk 0:03:34]} 38. Rxd7+ {[%clk 0:37:38]} Kxd7 {[%clk 0:04:02]} 39. Nxa4
{[%clk 0:38:01]} Kc6 {[%clk 0:04:11]} 40. Kf3 {[%clk 0:37:59]} Kd5
{[%clk 0:03:44]} 41. Nc3+ {[%clk 0:37:33]} Kd4 {[%clk 0:03:48]} 42. a4
{[%clk 0:33:24]} Ne1+ {[%clk 0:00:49]} 43. Kg4 {[%clk 0:32:42]} Nd3
{[%clk 0:00:41]} 44. a5 {[%clk 0:31:07]} Kc5 {[%clk 0:48:39]} 45. Nd1
{[%clk 1:20:55]} Kb5 {[%clk 0:47:51]} 46. Kg5 {[%clk 1:21:19]} Kxa5
{[%clk 0:47:30]} 47. h5 {[%clk 1:21:45]} Nxb2 {[%clk 0:46:48]} 48. Nxb2
{[%clk 1:22:05]} c3 {[%clk 0:47:06]} 0-1

[Event "Hastings Masters 2016/17"]
[Site "Hastings, England"]
[Date "2017.01.01"]
[Round "5.29"]
[White "Rice, Chris B"]
[Black "Hill, Alistair"]
[Result "0-1"]
[WhiteElo "2002"]
[BlackElo "2237"]
[PlyCount "0"]
[EventDate "2016.12.28"]

1. c4 {[%clk 1:37:52]} c5 {[%clk 1:40:46]} 2. g3 {[%clk 1:37:30]} Nf6
{[%clk 1:41:11]} 3. Bg2 {[%clk 1:37:40]} d5 {[%clk 1:41:37]} 4. cxd5
{[%clk 1:38:06]} Nxd5 {[%clk 1:42:04]} 5. Nc3 {[%clk 1:38:16]} Nc7
{[%clk 1:42:30]} 6. Nf3 {[%clk 1:35:10]} Nc6 {[%clk 1:42:55]} 7. O-O
{[%clk 1:35:29]} e5 {[%clk 1:43:22]} 8. b3 {[%clk 1:32:52]} Be7 {[%clk 1:41:36]}
9. Ne1 {[%clk 1:24:58]} O-O {[%clk 1:25:20]} 10. Nd3 {[%clk 1:25:00]} f6
{[%clk 1:20:09]} 11. f4 {[%clk 1:12:13]} exf4 {[%clk 1:20:07]} 12. Nxf4
{[%clk 1:12:36]} Bd6 {[%clk 1:10:26]} 13. e3 {[%clk 1:10:39]} Bxf4
{[%clk 1:09:27]} 14. Rxf4 {[%clk 1:10:38]} Nb4 {[%clk 0:54:10]} 15. Qh5
{[%clk 0:46:57]} g6 {[%clk 0:53:03]} 16. Qh6 {[%clk 0:42:17]} Rf7
{[%clk 0:50:12]} 17. Ne4 {[%clk 0:27:42]} Ne6 {[%clk 0:34:52]} 18. Rh4
{[%clk 0:26:02]} Nd3 {[%clk 0:27:55]} 19. Ba3 {[%clk 0:21:33]} Nd4
{[%clk 0:27:55]} 20. Nxf6+ {[%clk 0:18:05]} Qxf6 {[%clk 0:28:20]} 21. exd4
{[%clk 0:16:13]} Qf2+ {[%clk 0:27:42]} 22. Kh1 {[%clk 0:16:38]} Ne1
{[%clk 0:28:08]} 0-1